000 00627nam a2200241 4500
001 2032
010 _a9789899065215
021 _aPT
_b537045/24
090 _a2032
100 _a20260114d2024 b||y0pory50030103ba
101 _apor
102 _aPT
200 _aO Corvinho, o menino que queria ser herói
_fLuís Louro
205 _a1ª edição
210 _aPrior Velho
_cA Seita
_d2024
215 _a[48] p.
_cil.
_d24 cm
225 _aBicho carpinteiro
300 _aBMB-Registado
606 _9863
_aLiteratura Infantil
675 _a087.5
_vBMB
_zpor
700 _aLouro
_bLuís
_f1965-
_92911
801 _aPT
_bBMB
_gRPC
990 _cLIVROS